000 01235nam a2200241Ia 4500
003 Ost
005 20260507075222.0
008 260507s9999||||xx |||||||||||||| ||und||
020 _a42715299619
040 _cfsecg
041 _aara
082 _a330
100 _aغول، فرحات
_eمؤلف
245 0 _aالتسويق الدولي :
_bمفاهيم و أسس النجاح في الأسواق العالمية /
_c فرحات غول
260 _aالجزائر:
_bدار الخلدونية,
_c2008
300 _a240 صفحة؛
_bإيضاحات ؛
_c24 سم
504 _aمراجع ص.230 ؛ اشكال ص.233 ؛ جداول ص.234
520 _aأساسيات حول التسويق الدولي و آفاته المستقبلية ، لبيئة التسويقية الدولية للمؤسسة ، دراسة وانتقاء الاسواق و الاستراتيجيات ، استراتيجية المزيج التسويقي الدولي ، أشكال الدخول الى الاسواق الدولية ، التسويق( التجارة )الالكترونية.
653 _aالأسواق العالمية
653 _aالتجارة الالكترونية
653 _aالتسويق الدولي
942 _cكتاب
999 _c43524
_d43524